La Investigación y el seguimiento en los espacios naturales protegidos del siglo XXI : ponencias presentadas en el seminario del mismo título que tuvo lugar en el castillo de Montesquiu los días 6 y 7 de abril de 2000 ponencias presentadas en el seminario del mismo título que tuvo lugar en el castillo de Montesquiu los días 6 y 7 de abril de 2000
MARC
| LEADER | 00000nam a2200000Ia 4500 | ||
|---|---|---|---|
| 001 | 14433 | ||
| 008 | 160829s2002 xx 000 0 cat d | ||
| 020 | |a 84-7794-884-4 | ||
| 080 | |a C-2-253 | ||
| 100 | |a Seminario : La Investigación y el Seguimiento en los Espacios Naturales Protegidos del Siglo XXI (2000, 6-7 abr. : Castell de Montesquiu) |9 25157 | ||
| 245 | |a La Investigación y el seguimiento en los espacios naturales protegidos del siglo XXI : |b ponencias presentadas en el seminario del mismo título que tuvo lugar en el castillo de Montesquiu los días 6 y 7 de abril de 2000 | ||
| 260 | |a [Barcelona] : |b Diputació de Barcelona, Xarxa de Municipis, Àrea d'Espais Naturals, |c 2002 | ||
| 300 | |a 122 p. : |b il., taules, gràf. ; |c 30 cm | ||
| 490 | |a Monografies ; 34 | ||
| 590 | |a Notes, bibliografia | ||
| 650 | |a Espais naturals |x Espanya |x Congressos |9 49768 | ||
| 710 | |a Barcelona (Catalunya : Província). |b Àrea d'Espais Naturals |9 9050 | ||
| 901 | |a Arxiu | ||
| 942 | |n 1 | ||
| 952 | |0 0 |1 0 |4 0 |6 C2253 |7 1 |9 43475 |a Arxiu |b Arxiu |d 2016-12-01 |l 0 |o C-2-253 |p 14433 |r 2016-12-01 00:00:00 |w 2016-12-01 |y ARXIU | ||
| 999 | |c 46021 |d 46021 | ||